000 00281nam a2200097Ia 4500
082 _a796.83 ONEL
245 0 _aBoxing : advanced tactics and strategies
100 _a Onello, R. Michael Santa Fe, NM, 2007
_966665
942 _cBK
008 210817s9999 xx 000 0 und d
999 _c214119
_d214118